000 00324nam a22001337a 4500
008 170828b xxu||||| |||| 00| 0 eng d
020 _a9780321364968
041 _aeng
080 _23 ED
_a070
100 _a39
101 _aMED
245 _aGOO REASONS WITH CONTEMPORARY ARGUMENTS
_cFAIGLEY.L
942 _2udc
_cBK
999 _c25178
_d25178